000 00666nam a2200205Ia 4500
005 20260121110253.0
008 008 260114s9999 xx 000 0 hin d
020 _a9788132366478
037 _aEBOOK
040 _aCRL
_bhin
_cCRL
041 _ahin
_2hin
084 _qCRL
100 _aअनुष्का चंद्रा / Anushka Chandra
_9944129
245 0 _aभारत में मानवाधिकार / Bharat mein Manavadhikar
260 _bभाषा प्रकाशन / Bhasha Prakashan
_c2021
856 _uhttps://bhashaprakashan.com/product-details/379504
942 _cEBOOK
999 _c1535793
_d1535793